[Event "Copenhagen Chess Challenge 2013"]
[Site "Ballerup"]
[Date "2013.??.??"]
[Round "2"]
[White "Frisk, Ellinor"]
[Black "Hagen, Andreas Skytte"]
[Result "1/2-1/2"]
[WhiteElo "2194"]
[BlackElo "2400"]
[PlyCount "101"]
[EventDate "2013.??.??"]
[EventType "swiss"]
[EventRounds "9"]
[EventCountry "DEN"]

1. Nf3 Nf6 2. c4 g6 3. g3 Bg7 4. Bg2 O-O 5. O-O d6 6. Nc3 Nc6 7. Rb1 a5 8. a3
e5 9. d3 Nd4 10. b4 axb4 11. axb4 c6 12. b5 Nxf3+ 13. Bxf3 d5 14. bxc6 bxc6 15.
cxd5 cxd5 16. Bg5 Be6 17. Rb5 Ra5 18. Qb1 Rxb5 19. Qxb5 Qb8 20. Qxb8 Rxb8 21.
Bxf6 Bxf6 22. Bxd5 Bh3 23. Bg2 Be6 24. Rb1 Rxb1+ 25. Nxb1 Be7 26. Nc3 Bb4 27.
Nd1 f5 28. Ne3 Kg7 29. Bd5 Bd7 30. Nc4 Bc3 31. f4 exf4 32. gxf4 h6 33. Ne5 Be8
34. Nf3 Bb2 35. Kf2 Bc1 36. e3 Ba4 37. Ke2 Kf6 38. h4 Be8 39. Nd4 Bb2 40. Nb3
Ke7 41. Nd2 Bf6 42. Nf3 Bb5 43. Kd2 Bd7 44. e4 fxe4 45. dxe4 Kf8 46. e5 Be7 47.
e6 Ba4 48. Ne5 Kg7 49. Be4 Be8 50. Nf3 Bd6 51. Ke3 1/2-1/2

[Event "Copenhagen Chess Challenge 2013"]
[Site "Ballerup"]
[Date "2013.??.??"]
[Round "2"]
[White "Fries Nielsen, Jens Ove"]
[Black "Martins, David Pires Tavares"]
[Result "1-0"]
[WhiteElo "2373"]
[BlackElo "2183"]
[PlyCount "71"]
[EventDate "2013.??.??"]
[EventType "swiss"]
[EventRounds "9"]
[EventCountry "DEN"]

1. d4 e6 2. Nf3 Nf6 3. e3 b6 4. Bd3 Bb7 5. b3 c5 6. O-O Nc6 7. Bb2 Rc8 8. a3
Be7 9. Nbd2 O-O 10. Ng5 cxd4 11. exd4 h6 12. f4 Nd5 13. Nh7 Re8 14. f5 exf5 15.
Qf3 g6 16. Bxf5 Nf6 17. Bxd7 Ne5 18. Qxf6 Bxf6 19. Nxf6+ Qxf6 20. Bxc8 Nf3+ 21.
Nxf3 Rxc8 22. Ne5 Qg5 23. Rf2 Qe3 24. Ng4 Qe6 25. Nf6+ Kf8 26. c4 b5 27. d5 Qe3
28. Raf1 g5 29. Ng4 Qb6 30. Kh1 bxc4 31. Rxf7+ Ke8 32. Rf8+ Ke7 33. R1f7+ Kd6
34. Rf6+ Kc5 35. Rxc8+ Bxc8 36. b4+ 1-0

[Event "Copenhagen Chess Challenge 2013"]
[Site "Ballerup"]
[Date "2013.??.??"]
[Round "2"]
[White "Johansson, Linus"]
[Black "Thybo, Jesper Sondergaard"]
[Result "1-0"]
[WhiteElo "2348"]
[BlackElo "2091"]
[PlyCount "89"]
[EventDate "2013.??.??"]
[EventType "swiss"]
[EventRounds "9"]
[EventCountry "DEN"]

1. d4 Nf6 2. c4 g6 3. Nc3 d5 4. Nf3 Bg7 5. Qb3 dxc4 6. Qxc4 O-O 7. e4 Nc6 8.
Be2 Bg4 9. d5 Na5 10. Qb4 Bxf3 11. Bxf3 c6 12. O-O cxd5 13. Nxd5 Nxd5 14. exd5
Rc8 15. Bg5 Re8 16. d6 Nc6 17. Qxb7 Qxd6 18. Rac1 Qe5 19. Bh4 Rc7 20. Bg3 Rxb7
21. Bxe5 Bxe5 22. Bxc6 Reb8 23. Bxb7 Rxb7 24. b3 Bd4 25. Rfd1 e5 26. Kf1 Kg7
27. Ke2 Re7 28. Rc6 Kf8 29. Rdc1 Bb6 30. b4 Rb7 31. a4 Bd4 32. R1c4 Bb6 33. f3
Ke8 34. a5 Bd8 35. Kd3 Kd7 36. Kc3 Be7 37. Ra6 Bg5 38. Rc5 Be7 39. Rd5+ Kc8 40.
b5 Rc7+ 41. Rc6 Rxc6+ 42. bxc6 Bf6 43. Kc4 Kc7 44. Rd7+ Kxc6 45. Rxa7 1-0

[Event "Copenhagen Chess Challenge 2013"]
[Site "Ballerup"]
[Date "2013.??.??"]
[Round "2"]
[White "Haubro, Martin"]
[Black "Ochsner, Bjorn Moller"]
[Result "1-0"]
[WhiteElo "2179"]
[BlackElo "2347"]
[PlyCount "67"]
[EventDate "2013.??.??"]
[EventType "swiss"]
[EventRounds "9"]
[EventCountry "DEN"]

1. e4 c5 2. c3 Nf6 3. e5 Nd5 4. d4 cxd4 5. Nf3 e6 6. cxd4 d6 7. Bc4 Nc6 8. O-O
Be7 9. Bd2 O-O 10. Nc3 Nxc3 11. Bxc3 d5 12. Bd3 Bd7 13. Qc2 g6 14. Qd2 b5 15.
Qh6 Re8 16. Bd2 Bf8 17. Qf4 Qb6 18. Ng5 Re7 19. Qh4 h5 20. Be3 Bg7 21. Rac1 Be8
22. Rc5 Nb4 23. Bb1 Na6 24. Rcc1 Rc7 25. g4 f6 26. Rxc7 Nxc7 27. exf6 Bxf6 28.
gxh5 gxh5 29. Qg3 Kh8 30. Bf4 Qxd4 31. Bxc7 h4 32. Qf3 Qxb2 33. Qd3 Bg6 34.
Qxg6 1-0

[Event "Copenhagen Chess Challenge 2013"]
[Site "Ballerup"]
[Date "2013.??.??"]
[Round "2"]
[White "Sylvan, Jacob"]
[Black "Andersen, Troels Baekgaard"]
[Result "1-0"]
[WhiteElo "2341"]
[BlackElo "1837"]
[PlyCount "97"]
[EventDate "2013.??.??"]
[EventType "swiss"]
[EventRounds "9"]
[EventCountry "DEN"]

1. d4 Nf6 2. c4 e6 3. g3 d5 4. Bg2 Be7 5. Nf3 O-O 6. O-O c5 7. cxd5 exd5 8. Nc3
Nc6 9. Bf4 Be6 10. dxc5 Bxc5 11. Na4 Bd6 12. Bxd6 Qxd6 13. Nc3 Rfd8 14. Qa4 Ne5
15. Rfd1 Nc4 16. Qb3 Qc5 17. Nd4 a6 18. Rac1 b5 19. a4 b4 20. Nxd5 Nxd5 21.
Nxe6 fxe6 22. Rxc4 Qb6 23. Bxd5 exd5 24. Rxb4 Qc5 25. Rbd4 Rdb8 26. Qa2 Kh8 27.
Rxd5 Qe7 28. b3 Rf8 29. Qb2 Qf7 30. e3 Rab8 31. Rd7 Qg8 32. b4 Rb6 33. R1d6
Rxd6 34. Rxd6 Rd8 35. Rxd8 Qxd8 36. Qd4 Qc8 37. b5 axb5 38. axb5 h6 39. e4 Qb7
40. Qd5 Qc7 41. Qc6 Qa7 42. b6 Qa1+ 43. Kg2 h5 44. Qe8+ Kh7 45. Qxh5+ Kg8 46.
b7 Qb2 47. Qe8+ Kh7 48. b8=Q Qe2 49. Qh8+ 1-0

[Event "Copenhagen Chess Challenge 2013"]
[Site "Ballerup"]
[Date "2013.??.??"]
[Round "2"]
[White "Carstensen, Jacob"]
[Black "Vyvyan, Philippe"]
[Result "1-0"]
[WhiteElo "2401"]
[BlackElo "1709"]
[PlyCount "57"]
[EventDate "2013.??.??"]
[EventType "swiss"]
[EventRounds "9"]
[EventCountry "DEN"]

1. d4 d5 2. c4 c6 3. Nf3 Nf6 4. Nc3 e6 5. g3 Nbd7 6. Bg2 g6 7. O-O Bg7 8. Bf4
O-O 9. Bd6 Re8 10. c5 Ne4 11. Nxe4 dxe4 12. Ne5 f5 13. b4 Nf6 14. Qb3 Bd7 15.
a4 a5 16. bxa5 Qxa5 17. Nc4 Qa6 18. Nb6 Ra7 19. Be5 Re7 20. Bb8 Nd5 21. Bxa7
Qxa7 22. e3 Be8 23. Nc8 Qa5 24. Nxe7+ Nxe7 25. Qxe6+ Kf8 26. Rfb1 Qc3 27. Qb3
Qd2 28. Qb2 Qd3 29. Bf1 1-0

[Event "Copenhagen Chess Challenge 2013"]
[Site "Ballerup"]
[Date "2013.??.??"]
[Round "2"]
[White "Aabling Thomsen, Jakob"]
[Black "Andersen, Rune Egede"]
[Result "1-0"]
[WhiteElo "2320"]
[BlackElo "2069"]
[PlyCount "107"]
[EventDate "2013.??.??"]
[EventType "swiss"]
[EventRounds "9"]
[EventCountry "DEN"]

1. c4 e6 2. Nf3 Nf6 3. g3 d5 4. Bg2 Be7 5. O-O O-O 6. d3 b6 7. Nbd2 Bb7 8. a3
a5 9. cxd5 Nxd5 10. Qa4 Nd7 11. Qg4 f5 12. Qc4 c5 13. Re1 Nc7 14. e4 Kh8 15.
Qc2 Bf6 16. Nc4 Nb5 17. Be3 fxe4 18. dxe4 e5 19. Qb3 Bc6 20. a4 Nd4 21. Nxd4
cxd4 22. Bd2 Rb8 23. Qd1 Nc5 24. b3 Qc7 25. Bc1 Rf7 26. Ba3 Rbf8 27. Nxa5 Ba8
28. Nc4 Bg5 29. Ra2 Bb7 30. Bxc5 Qxc5 31. Rf1 Ba6 32. Rc2 g6 33. h4 Bh6 34. h5
Kg7 35. hxg6 hxg6 36. Qd3 Qb4 37. f4 Qc5 38. f5 Be3+ 39. Kh2 Rh8+ 40. Bh3 g5
41. Kg2 Qe7 42. Bg4 Rf6 43. Kf3 Rfh6 44. Re1 Rh2 45. Rxh2 Rxh2 46. Re2 Rh1 47.
Rg2 Kf6 48. Nxe3 dxe3 49. Qxa6 Qb4 50. Qd3 Rc1 51. Qd8+ Kf7 52. Bh5+ Kg7 53.
f6+ Kh7 54. Qd7+ 1-0

[Event "Copenhagen Chess Challenge 2013"]
[Site "Ballerup"]
[Date "2013.??.??"]
[Round "2"]
[White "Lovik, Lasse Ostebo"]
[Black "Vesterli, Michael E"]
[Result "1-0"]
[WhiteElo "2310"]
[BlackElo "2015"]
[PlyCount "95"]
[EventDate "2013.??.??"]
[EventType "swiss"]
[EventRounds "9"]
[EventCountry "DEN"]

1. d4 Nf6 2. c4 g6 3. Nc3 Bg7 4. e4 d6 5. f3 O-O 6. Bg5 c5 7. d5 h6 8. Be3 e6
9. Qd2 Kh7 10. Nge2 exd5 11. cxd5 Nbd7 12. Ng3 a6 13. a4 Qa5 14. Ra3 Rb8 15.
Be2 Re8 16. O-O Ne5 17. h3 Qb4 18. a5 b5 19. axb6 Rxb6 20. Rb1 Bd7 21. Rxa6
Rxa6 22. Bxa6 c4 23. f4 Nd3 24. b3 Nh5 25. Nge2 Nhxf4 26. Bxf4 Qb6+ 27. Be3
Qxa6 28. bxc4 Qxc4 29. Rb7 Ne5 30. Bd4 Qc8 31. Ra7 h5 32. Qf4 Qb8 33. Qf2 Re7
34. Kh1 Kg8 35. Qh4 Re8 36. Qg3 Bb5 37. Nf4 Bc4 38. Qg5 Qb2 39. Ne6 fxe6 40.
Bxe5 dxe5 41. Qxg6 Qc1+ 42. Nd1 Qh6 43. Qxe8+ Kh7 44. d6 Be2 45. d7 Qf4 46.
d8=Q Qf1+ 47. Kh2 Qf4+ 48. g3 1-0

[Event "Copenhagen Chess Challenge 2013"]
[Site "Ballerup"]
[Date "2013.??.??"]
[Round "2"]
[White "Johansen, Johnny Holler"]
[Black "Kenneskog, Theodor"]
[Result "0-1"]
[WhiteElo "2016"]
[BlackElo "2234"]
[PlyCount "84"]
[EventDate "2013.??.??"]
[EventType "swiss"]
[EventRounds "9"]
[EventCountry "DEN"]

1. e4 c5 2. Nf3 d6 3. d4 cxd4 4. Nxd4 Nf6 5. Nc3 a6 6. Bg5 Nbd7 7. f4 Qc7 8.
Qf3 h6 9. Bxf6 Nxf6 10. h3 e5 11. Nf5 b5 12. Ne3 Bb7 13. O-O-O Be7 14. Ncd5
Nxd5 15. Nxd5 Bxd5 16. Rxd5 exf4 17. Kb1 Bf6 18. Qxf4 Be5 19. Qd2 O-O 20. Be2
b4 21. Rf1 a5 22. Qd3 Rfc8 23. Bh5 g6 24. Bg4 Re8 25. Qb5 Red8 26. Rd3 h5 27.
Bd1 a4 28. Qd5 Rf8 29. Rdf3 Ra5 30. Qd3 Bg7 31. R3f2 Qe7 32. Qc4 Qe5 33. c3
bxc3 34. Qxc3 Qxe4+ 35. Qc2 Qe5 36. a3 Rb5 37. Re2 Qd4 38. Qd2 Qc4 39. Qxd6
Bxb2 40. Rxb2 Rxb2+ 41. Kxb2 Qxf1 42. Bxa4 Qxg2+ 0-1

[Event "Copenhagen Chess Challenge 2013"]
[Site "Ballerup"]
[Date "2013.??.??"]
[Round "2"]
[White "Haub, Thorsten Michael"]
[Black "Karlsson, Ulf"]
[Result "1-0"]
[WhiteElo "2458"]
[BlackElo "2004"]
[PlyCount "105"]
[EventDate "2013.??.??"]
[EventType "swiss"]
[EventRounds "9"]
[EventCountry "DEN"]

1. g3 e5 2. Bg2 f5 3. c3 Nf6 4. d4 e4 5. Nh3 d5 6. O-O Be7 7. Na3 O-O 8. Qb3 a5
9. c4 a4 10. Qc3 Nc6 11. c5 Nh5 12. f3 Bf6 13. Nc2 Bd7 14. Nf2 g5 15. g4 Nf4
16. Bxf4 gxf4 17. gxf5 Bxf5 18. fxe4 dxe4 19. Nxe4 Bxd4+ 20. Nxd4 Qxd4+ 21.
Qxd4 Nxd4 22. Nc3 Nc2 23. Rac1 Ne3 24. Rxf4 Nxg2 25. Kxg2 Bd7 26. Rxf8+ Rxf8
27. Rd1 Bc6+ 28. e4 Rf4 29. Kg3 Rf7 30. a3 Kf8 31. Rd4 Rf1 32. Nxa4 Rb1 33. Rb4
Bxa4 34. Rxa4 Rxb2 35. Rb4 Rc2 36. Rxb7 Rxc5 37. Kf4 Ke7 38. a4 Kd6 39. Rb5 Rc2
40. Rh5 Rf2+ 41. Ke3 Rf7 42. a5 c5 43. Rh6+ Kc7 44. e5 Kb7 45. Rb6+ Kc7 46. Rf6
Rd7 47. Rf2 Kc6 48. a6 Ra7 49. Ke4 Rd7 50. e6 Re7 51. Ke5 c4 52. Ra2 Kb6 53. a7
1-0

[Event "Copenhagen Chess Challenge 2013"]
[Site "Ballerup"]
[Date "2013.??.??"]
[Round "2"]
[White "Ulrich, Thomas"]
[Black "Arvola, Benjamin"]
[Result "1-0"]
[WhiteElo "2005"]
[BlackElo "2358"]
[PlyCount "67"]
[EventDate "2013.??.??"]
[EventType "swiss"]
[EventRounds "9"]
[EventCountry "DEN"]

1. e4 e6 2. d4 d5 3. Nd2 Nf6 4. e5 Nfd7 5. c3 c5 6. Bd3 Nc6 7. Ne2 cxd4 8. cxd4
f6 9. exf6 Nxf6 10. Nf3 Bd6 11. O-O Qc7 12. Bd2 O-O 13. Ng3 Bd7 14. Rc1 Qb6 15.
Bc3 Bf4 16. Ra1 Rae8 17. a3 a6 18. Qc2 Bc8 19. Rfe1 Qc7 20. Rad1 g6 21. Bd2 Bd6
22. Bh6 Rf7 23. Bxg6 hxg6 24. Qxg6+ Kh8 25. Ng5 Ref8 26. Bxf8 Rxf8 27. Nxe6
Bxe6 28. Rxe6 Be7 29. Nh5 Rg8 30. Qf7 Ng4 31. Rg6 Qxh2+ 32. Kf1 Qb8 33. Rd3 Bh4
34. Nf6 1-0

[Event "Copenhagen Chess Challenge 2013"]
[Site "Ballerup"]
[Date "2013.??.??"]
[Round "2"]
[White "Lokander, Martin"]
[Black "Nielsen, Brian"]
[Result "1-0"]
[WhiteElo "2225"]
[BlackElo "2022"]
[PlyCount "39"]
[EventDate "2013.??.??"]
[EventType "swiss"]
[EventRounds "9"]
[EventCountry "DEN"]

1. e4 d6 2. d4 g6 3. Nc3 Bg7 4. f4 Nf6 5. Nf3 c5 6. Bb5+ Bd7 7. e5 Ng4 8. e6
fxe6 9. Ng5 Bxb5 10. Qxg4 Bd7 11. Nxh7 Kf7 12. Ng5+ Kg8 13. Nxe6 cxd4 14. Qxg6
Bxe6 15. Qxe6+ Kf8 16. Qf5+ Bf6 17. Ne4 Nd7 18. Ng5 Nc5 19. Qg6 a6 20. Qf7# 1-0

[Event "Copenhagen Chess Challenge 2013"]
[Site "Ballerup"]
[Date "2013.??.??"]
[Round "2"]
[White "Brondt, Nicolai Kvist"]
[Black "Olsen, Michael Richard W"]
[Result "1-0"]
[WhiteElo "2169"]
[BlackElo "1977"]
[PlyCount "87"]
[EventDate "2013.??.??"]
[EventType "swiss"]
[EventRounds "9"]
[EventCountry "DEN"]

1. Nf3 Nf6 2. c4 c5 3. g3 g6 4. Bg2 Bg7 5. O-O O-O 6. Nc3 Nc6 7. d4 Nxd4 8.
Nxd4 cxd4 9. Qxd4 d6 10. Qd3 Nd7 11. b3 Nc5 12. Qd2 Rb8 13. Bb2 Bd7 14. Rac1
Bc6 15. Nd5 Bxb2 16. Qxb2 Bxd5 17. Bxd5 Qb6 18. h4 Rfc8 19. h5 Qd8 20. b4 Nd7
21. Qd4 b6 22. Kg2 Qf8 23. hxg6 hxg6 24. Qe4 Kg7 25. Rh1 Nf6 26. Qh4 Nxd5 27.
cxd5 Rxc1 28. Qh6+ Kf6 29. Qf4+ Kg7 30. Qh6+ Kf6 31. Qxc1 Qc8 32. Qb2+ e5 33.
dxe6+ Kxe6 34. Rh4 Qc6+ 35. f3 d5 36. Rf4 f5 37. Qg7 Qe8 38. Qxa7 g5 39. Rd4
Kf6 40. Rd2 g4 41. Qc7 Qe5 42. Qc6+ Qe6 43. Qxd5 Qxd5 44. Rxd5 1-0

[Event "Copenhagen Chess Challenge 2013"]
[Site "Ballerup"]
[Date "2013.??.??"]
[Round "2"]
[White "Hansen, Rasmus Agertoft"]
[Black "Petersen, Peter Birk"]
[Result "0-1"]
[WhiteElo "1981"]
[BlackElo "2167"]
[PlyCount "48"]
[EventDate "2013.??.??"]
[EventType "swiss"]
[EventRounds "9"]
[EventCountry "DEN"]

1. d4 g6 2. c4 Bg7 3. Nc3 d6 4. e4 e5 5. d5 Na6 6. Nge2 f5 7. h4 Nf6 8. exf5
gxf5 9. Ng3 O-O 10. Bg5 Qe8 11. Be2 h6 12. Bxf6 Rxf6 13. Nh5 Rg6 14. Nxg7 Rxg7
15. Bh5 Qe7 16. Qd2 Kh7 17. O-O-O Bd7 18. Kb1 Rxg2 19. Bf3 Rg7 20. Ne4 fxe4 21.
Bxe4+ Kg8 22. Qxh6 Rf8 23. Qh5 Bg4 24. Bh7+ Kh8 0-1

[Event "Copenhagen Chess Challenge 2013"]
[Site "Ballerup"]
[Date "2013.??.??"]
[Round "2"]
[White "Rydstrom, Tom"]
[Black "Karlsson, Robin"]
[Result "1-0"]
[WhiteElo "2149"]
[BlackElo "1947"]
[PlyCount "53"]
[EventDate "2013.??.??"]
[EventType "swiss"]
[EventRounds "9"]
[EventCountry "DEN"]

1. e4 c5 2. Nf3 Nc6 3. d4 cxd4 4. Nxd4 g6 5. Nc3 Bg7 6. Be3 Nf6 7. Bc4 O-O 8.
Bb3 d6 9. f3 Bd7 10. Qd2 Nxd4 11. Bxd4 b5 12. g4 e5 13. Be3 Bxg4 14. fxg4 b4
15. Nd5 Nxe4 16. Qg2 Qh4+ 17. Ke2 Nc5 18. Qg3 Qd8 19. Bxc5 dxc5 20. Rad1 Qb8
21. h4 Qb5+ 22. Qd3 Qb7 23. Qe4 Kh8 24. g5 Rad8 25. h5 f5 26. gxf6 Bxf6 27.
hxg6 1-0

[Event "Copenhagen Chess Challenge 2013"]
[Site "Ballerup"]
[Date "2013.??.??"]
[Round "2"]
[White "Tandrup, Michael"]
[Black "Rhee, Alexander"]
[Result "0-1"]
[WhiteElo "1977"]
[BlackElo "2147"]
[PlyCount "64"]
[EventDate "2013.??.??"]
[EventType "swiss"]
[EventRounds "9"]
[EventCountry "DEN"]

1. d4 f5 2. g3 g6 3. Bg2 Bg7 4. c4 Nf6 5. Nc3 O-O 6. Nf3 d6 7. Qc2 Nc6 8. d5
Na5 9. b3 c5 10. Bb2 Rb8 11. O-O a6 12. Ng5 b5 13. cxb5 axb5 14. e4 b4 15. Ne2
h6 16. Ne6 Bxe6 17. dxe6 Nxe4 18. Bxg7 Kxg7 19. Bxe4 fxe4 20. Qxe4 Rf6 21. Nf4
Qc8 22. Rfe1 Qb7 23. Nd5 Rf5 24. Rad1 Nc6 25. Ne3 Re5 26. Qg2 Nd4 27. f4 Rxe6
28. f5 Re5 29. Qxb7 Rxb7 30. Kg2 Ra7 31. Rd2 gxf5 32. Kf2 Kf7 0-1

[Event "Copenhagen Chess Challenge 2013"]
[Site "Ballerup"]
[Date "2013.??.??"]
[Round "2"]
[White "Petrovski, Petruli"]
[Black "Percivaldi, Martin"]
[Result "0-1"]
[WhiteElo "1858"]
[BlackElo "2097"]
[PlyCount "112"]
[EventDate "2013.??.??"]
[EventType "swiss"]
[EventRounds "9"]
[EventCountry "DEN"]

1. Nf3 d5 2. g3 Nf6 3. Bg2 c6 4. b3 Bf5 5. Bb2 e6 6. O-O h6 7. d3 Nbd7 8. Nbd2
Be7 9. e4 dxe4 10. dxe4 Bh7 11. Qe2 O-O 12. Ne5 Nxe5 13. Bxe5 Nd7 14. Bb2 Bc5
15. Rad1 Qe7 16. Kh1 Rad8 17. f4 Nb6 18. Nf3 Rxd1 19. Rxd1 Rd8 20. Rxd8+ Qxd8
21. Ne5 Qe7 22. Qg4 f6 23. Nd3 Nd7 24. Qh5 Bb6 25. b4 Nf8 26. a4 a5 27. bxa5
Bg6 28. Qg4 Bxa5 29. Bd4 Bc7 30. h4 Bd6 31. h5 Bh7 32. Qe2 c5 33. Be3 b6 34.
Nf2 Qc7 35. Qc4 Kh8 36. Bf3 Bg8 37. Qb5 Nd7 38. Ng4 e5 39. f5 Kh7 40. Qd3 Be7
41. Qd2 Bf7 42. Nf2 Qd6 43. Qc1 Nb8 44. g4 Nc6 45. c3 Na5 46. Be2 c4 47. Qd2
Qc6 48. Qc2 Nb3 49. Kh2 Bc5 50. Bxc5 Nxc5 51. Qa2 Nxe4 52. Bf3 Nxc3 53. Bxc6
Nxa2 54. Bd7 c3 55. Be6 Bxe6 56. fxe6 Kg8 0-1

[Event "Copenhagen Chess Challenge 2013"]
[Site "Ballerup"]
[Date "2013.??.??"]
[Round "2"]
[White "Undheim, Bjarne"]
[Black "Pedersen, Sven"]
[Result "0-1"]
[WhiteElo "1836"]
[BlackElo "2083"]
[PlyCount "78"]
[EventDate "2013.??.??"]
[EventType "swiss"]
[EventRounds "9"]
[EventCountry "DEN"]

1. e4 c5 2. Nf3 e6 3. b3 Nc6 4. Bb2 d6 5. Bb5 Bd7 6. Qe2 e5 7. Bxc6 Bxc6 8. Nc3
Nf6 9. d3 g6 10. O-O Bg7 11. Nd2 Nh5 12. Qe1 O-O 13. Ne2 f5 14. f4 fxe4 15.
Nxe4 Bxe4 16. dxe4 Nxf4 17. Nxf4 Rxf4 18. Rxf4 exf4 19. Bxg7 Kxg7 20. Rd1 Qe7
21. Qc3+ Kf7 22. Qf3 Qe5 23. Rd5 Qa1+ 24. Kf2 Qc1 25. Qd3 Ke7 26. Rxd6 Qe3+ 27.
Kf1 Qxd3+ 28. Rxd3 Rd8 29. Rxd8 Kxd8 30. Ke2 Ke7 31. Kf3 g5 32. Kg4 Kf6 33. e5+
Kxe5 34. Kxg5 Ke4 35. h4 b5 36. h5 Ke3 37. Kf5 c4 38. h6 c3 39. Ke5 Kd2 0-1

[Event "Copenhagen Chess Challenge 2013"]
[Site "Ballerup"]
[Date "2013.??.??"]
[Round "2"]
[White "Lepot, Simon"]
[Black "Henriksen, Christian Steen"]
[Result "1-0"]
[WhiteElo "2075"]
[BlackElo "1814"]
[PlyCount "37"]
[EventDate "2013.??.??"]
[EventType "swiss"]
[EventRounds "9"]
[EventCountry "DEN"]

1. e4 c5 2. Nf3 d6 3. d4 cxd4 4. Nxd4 Nf6 5. Nc3 a6 6. Bg5 e6 7. f4 Be7 8. Qf3
Qb6 9. O-O-O e5 10. fxe5 dxe5 11. Nf5 Bxf5 12. Qxf5 Nc6 13. Bxf6 Qe3+ 14. Kb1
gxf6 15. Nd5 Qc5 16. Nc7+ Kf8 17. Nxa8 Nd4 18. Qf2 Qb4 19. Nc7 1-0

[Event "Copenhagen Chess Challenge 2013"]
[Site "Ballerup"]
[Date "2013.??.??"]
[Round "2"]
[White "Mihajlov, Sebastian"]
[Black "Marthedal, Anton Mehmet Yildiz"]
[Result "1-0"]
[WhiteElo "2063"]
[BlackElo "1574"]
[PlyCount "87"]
[EventDate "2013.??.??"]
[EventType "swiss"]
[EventRounds "9"]
[EventCountry "DEN"]

1. d4 d6 2. Nf3 g6 3. c4 Nf6 4. Nc3 Bg7 5. e4 Nbd7 6. Bd3 O-O 7. h3 e5 8. d5
Ne8 9. g4 Nc5 10. Bc2 Bd7 11. Be3 Na6 12. a3 c6 13. Nd2 cxd5 14. cxd5 Nec7 15.
h4 h6 16. Qe2 Qc8 17. g5 h5 18. Bd3 b6 19. b4 Qb7 20. Nc4 Ne8 21. Nxd6 Nxd6 22.
Bxa6 Qc7 23. Rc1 f5 24. gxf6 Rxf6 25. Nb5 Bxb5 26. Rxc7 Bxe2 27. Kxe2 Nxe4 28.
Bd3 Nd6 29. Bg5 e4 30. Bxf6 exd3+ 31. Kxd3 Bxf6 32. Rg1 g5 33. hxg5 Bb2 34. a4
Rf8 35. Rd7 Nf5 36. Rxa7 Nd4 37. g6 Rf3+ 38. Ke4 Rxf2 39. g7 Re2+ 40. Kd3 Re8
41. Rb1 Nc6 42. dxc6 Bf6 43. b5 Rd8+ 44. Rd7 1-0

[Event "Copenhagen Chess Challenge 2013"]
[Site "Ballerup"]
[Date "2013.??.??"]
[Round "2"]
[White "Tari, Aryan"]
[Black "Tikkanen, Hans"]
[Result "0-1"]
[WhiteElo "2293"]
[BlackElo "2552"]
[PlyCount "64"]
[EventDate "2013.??.??"]
[EventType "swiss"]
[EventRounds "9"]
[EventCountry "DEN"]

1. e4 e6 2. d4 d5 3. Nc3 Nf6 4. Bg5 dxe4 5. Nxe4 Nbd7 6. Nf3 h6 7. Bxf6 Nxf6 8.
Bd3 Nxe4 9. Bxe4 c5 10. dxc5 Qa5+ 11. c3 Qxc5 12. O-O Bd6 13. b4 Qc7 14. c4 O-O
15. c5 Be7 16. Qb3 Kh8 17. Rac1 f5 18. Bb1 Bf6 19. Rfe1 e5 20. Qc4 e4 21. Nd4
Qe5 22. Rcd1 Rd8 23. Nb5 Rxd1 24. Rxd1 Be6 25. Qe2 a5 26. Nd4 axb4 27. Nxe6
Qxe6 28. Qb5 Re8 29. Qxb4 e3 30. Re1 exf2+ 31. Kxf2 Bd4+ 32. Kf1 Qa6+ 0-1

[Event "Copenhagen Chess Challenge 2013"]
[Site "Ballerup"]
[Date "2013.??.??"]
[Round "2"]
[White "Matthiesen, Martin"]
[Black "Danielsen, Henrik"]
[Result "0-1"]
[WhiteElo "2284"]
[BlackElo "2500"]
[PlyCount "118"]
[EventDate "2013.??.??"]
[EventType "swiss"]
[EventRounds "9"]
[EventCountry "DEN"]

1. d4 d6 2. Nf3 Nf6 3. c4 g6 4. Nc3 Bf5 5. Nh4 Bd7 6. g3 Bg7 7. Bg2 Nc6 8. O-O
O-O 9. b3 a6 10. Bb2 Rb8 11. Rc1 b5 12. cxb5 axb5 13. Nxb5 Rxb5 14. Rxc6 Bxc6
15. Bxc6 Rb6 16. Qc2 Nd7 17. Nf3 Nb8 18. Be4 Qd7 19. a3 Rc8 20. b4 c5 21. dxc5
Bxb2 22. Qxb2 dxc5 23. Ne5 Qe6 24. Bf3 cxb4 25. axb4 Rb5 26. Nd3 Na6 27. Ra1
Rcb8 28. Ra4 Qd6 29. h4 Nxb4 30. Rxb4 Rxb4 31. Nxb4 Qxb4 32. Qe5 Rb5 33. Qe3
Qc5 34. Qd2 h5 35. Kg2 Kg7 36. Qd8 Rb1 37. Be4 Ra1 38. Qd7 e6 39. Bf3 Qc3 40.
Be4 Ra2 41. Bf3 Rd2 42. Qb5 Rd1 43. Qb6 Qd4 44. Qb7 Qa1 45. Kh2 Rf1 46. Qb6 Rd1
47. Qb7 Rb1 48. Qe4 Rc1 49. Qe3 Qc3 50. Qe4 Ra1 51. Kg2 Kg8 52. Kh2 Ra5 53. Qb7
Kg7 54. Kg2 Qd4 55. Qc6 Rc5 56. Qb6 Rc4 57. Qb7 Rc1 58. Kh3 Rf1 59. e3 Qd2 0-1

[Event "Copenhagen Chess Challenge 2013"]
[Site "Ballerup"]
[Date "2013.??.??"]
[Round "2"]
[White "Pedersen, Daniel V"]
[Black "Semcesen, Daniel"]
[Result "0-1"]
[WhiteElo "2250"]
[BlackElo "2464"]
[PlyCount "124"]
[EventDate "2013.??.??"]
[EventType "swiss"]
[EventRounds "9"]
[EventCountry "DEN"]

1. e4 e5 2. Bc4 Nf6 3. d3 c6 4. Nf3 Be7 5. Bb3 O-O 6. O-O d6 7. c3 Nbd7 8. Re1
Re8 9. Nbd2 Bf8 10. Nf1 g6 11. Ng3 Bg7 12. d4 Qe7 13. dxe5 dxe5 14. Be3 Nc5 15.
Bc2 a5 16. h3 Nfd7 17. Qd2 Nf8 18. Rad1 Be6 19. Qd6 Nfd7 20. Ng5 Qxd6 21. Rxd6
Bf8 22. Rdd1 Nf6 23. Nxe6 Nxe6 24. Nf1 a4 25. g3 Bc5 26. Bxc5 Nxc5 27. Rd6 Re6
28. Rd2 Kf8 29. Kg2 Ke7 30. Kf3 Ne8 31. Rdd1 Rd6 32. Rxd6 Nxd6 33. Nd2 f6 34.
a3 Ra5 35. Rb1 Rb5 36. Ke3 h6 37. f4 Ra5 38. f5 gxf5 39. exf5 Ra8 40. g4 h5 41.
Rg1 hxg4 42. hxg4 Rh8 43. Rg3 Rh2 44. Rg1 Nf7 45. Bd1 Ng5 46. Be2 Rh3+ 47. Kf2
b5 48. Bf1 Nd3+ 49. Bxd3 Rxd3 50. Nb1 Nh3+ 51. Ke2 Nf4+ 52. Ke1 Rh3 53. c4 Rh2
54. cxb5 Nd3+ 55. Kd1 Nxb2+ 56. Kc1 Nd3+ 57. Kd1 cxb5 58. Nc3 b4 59. axb4 a3
60. Ne2 a2 61. Kc2 Nf4 62. Kb3 Nxe2 0-1

[Event "Copenhagen Chess Challenge 2013"]
[Site "Ballerup"]
[Date "2013.??.??"]
[Round "2"]
[White "Hove, Esben Kjems"]
[Black "Mikkelsen, Nikolaj"]
[Result "0-1"]
[WhiteElo "2233"]
[BlackElo "2417"]
[PlyCount "118"]
[EventDate "2013.??.??"]
[EventType "swiss"]
[EventRounds "9"]
[EventCountry "DEN"]

1. d4 Nf6 2. Nf3 c5 3. e3 g6 4. Be2 Bg7 5. O-O Qc7 6. c4 cxd4 7. Nxd4 O-O 8.
Nc3 Nc6 9. Ndb5 Qd8 10. Nd5 d6 11. f3 Nd7 12. e4 a6 13. Nbc3 e6 14. Ne3 Nc5 15.
Kh1 f5 16. exf5 gxf5 17. Bd2 Nd7 18. f4 Nd4 19. Nc2 Nxe2 20. Qxe2 Rf6 21. Rad1
Rg6 22. Be1 Bf8 23. Nd4 Qf6 24. Nf3 h6 25. Bh4 Qf7 26. Nd4 b6 27. Rf3 Bb7 28.
Rg3 Rxg3 29. Bxg3 Nc5 30. b4 Ne4 31. Nxe4 Bxe4 32. Nb3 Re8 33. Bf2 Qb7 34. Be3
Re7 35. Qf2 Rg7 36. Rg1 Be7 37. h3 Bd8 38. Kh2 Rg6 39. g3 Kh7 40. c5 dxc5 41.
bxc5 b5 42. Rc1 h5 43. Rg1 Bc7 44. Qd2 Bd5 45. Nd4 a5 46. Qe2 Kh6 47. Qxb5 Qc8
48. Qe2 Qe8 49. Nb5 Bb8 50. Nd6 Bxd6 51. cxd6 Qc6 52. Qb2 Kh7 53. Qb6 Qc2+ 54.
Bf2 Rg7 55. Qc5 Qxa2 56. g4 hxg4 57. hxg4 fxg4 58. d7 Qb3 59. Rxg4 Rxg4 0-1

[Event "Copenhagen Chess Challenge 2013"]
[Site "Ballerup"]
[Date "2013.??.??"]
[Round "2"]
[White "Slettebo, Jan"]
[Black "Jacobsen, Bo"]
[Result "0-1"]
[WhiteElo "2054"]
[BlackElo "2310"]
[PlyCount "62"]
[EventDate "2013.??.??"]
[EventType "swiss"]
[EventRounds "9"]
[EventCountry "DEN"]

1. e4 e5 2. Nf3 d6 3. d4 exd4 4. Nxd4 Nf6 5. Nc3 Be7 6. Bf4 O-O 7. Qd2 Nc6 8.
O-O-O Nxd4 9. Qxd4 Be6 10. Be2 Nd7 11. Qe3 Bf6 12. g4 Re8 13. g5 Be5 14. Bxe5
dxe5 15. Rhg1 c6 16. Bg4 Bxg4 17. Rxg4 Qe7 18. Ne2 Nf8 19. Qf3 Rad8 20. Rxd8
Rxd8 21. Rg1 Qd6 22. Qe3 Ne6 23. h4 g6 24. Nc3 Qd4 25. Qxd4 Rxd4 26. Re1 Kg7
27. Re3 h6 28. gxh6+ Kxh6 29. Ne2 Rd7 30. Ng3 Nf4 31. f3 Ng2 0-1